LEADER 01627nas a2200301 i 4500 001 000000238545 003 CaOOAMICUS 005 20150203000000.0 008 150203b2003 gw uu u0 0ger r 013 $a217450 040 $aSeMil$bita 245 10$a2003 /$cSchriftleitung Harald Wagner. 260 $aMünster :$bAschendorff,$ccopyr. 2003. 300 $aXIV, 522, XIV col. ;$c30 cm. 700 1 $aWagner, Harald <1944-2016>.$0(OLS)http://semarc/name/16092 774 0 $tExegese und Theologie.$w()283730 774 0 $tListe der Habilitationen und Dissertationen im akademischen Jahr 2001-2002. - Titolo dalla prima pagina.$w()283731 774 0 $tNeuere Forschungen zur Modernismuskrise in der katholischen Kirche. - Titolo principale dalla prima pagina.$w()283732 774 0 $tökumenische Bewegung während des Kalten Krieges.$w()283733 774 0 $tMünsterischer Kommentar zum Codex Iuris Canonici. - Titolo principale dalla prima pagina.$w()283734 774 0 $tZur Konstitution Sacrosanctum Concilium des Zweiten Vatikanischen Konzils vom 4. Dexember 1963 ; Votum der Katholisch-Theologischen Fakultät Münster zur Vorbereitung des Zweiten Vatikanischen Konzils. - Titoli principali dalla prima pagina.$w()283735 774 0 $tKontrolle des Wissens.$w()283736 774 0 $t99. Jahrgang 2003 [Inhaltsverzeichnis].$w()283737 850 $aSeMil 852 $aSeMil$W1$xVenegono$y1$m201 6 20$j188891$B188891$CSeMilBibl$Z2$F199621 $85 961 $aAbbonamento: Aschendorff 996 $6245$a2003$9(OLS)http://semarc/title/142862 996 $6260$aMünster :$bAschendorff$9(OLS)http://semarc/publisher/29674 LEADER 00930nas a2200205 i 4500 001 000000008867 003 CaOOAMICUS 005 20190117154301.0 008 180830n19-? it zx lf u0 z|ita u 040 $aSeMil$bita 245 10$aBiblioteca di cultura religiosa. 2. serie. 260 $aRoma :$bPaoline,$c[196?]- 300 $av. ;$c19 cm. 774 0 $aKönig, Franz $tMistero della chiesa.$dRoma : Paoline, 1965-1966.$g113-114$w()21808 774 0 $tOrizzonti attuali della teologia.$dRoma : Paoline, 1966-1967.$g51-52$w()21822 774 0 $aCaster, Marcel : van, $tStrutture della Catechesi.$dRoma : Edizioni Paoline, 1968.$w()22296 774 0 $tProblemi attuali di teologia morale e pastorale.$dRoma : Paoline, 1965.$w()23226 996 $6245$aBiblioteca di cultura religiosa. 2. serie$9(OLS)http://semarc/title/11727 996 $6260$aRoma :$bPaoline$9(OLS)http://semarc/publisher/29686